| 000 | 01102nam a2200265Ia 4500 | ||
|---|---|---|---|
| 999 |
_c56574 _d56574 |
||
| 001 | 23688 | ||
| 003 | GE_BSU | ||
| 005 | 20260313113541.0 | ||
| 008 | 181216s2012||||ge |||||||||||||| ||geo|| | ||
| 020 | _a9789941177507 | ||
| 040 | _cGE_BSU | ||
| 041 | _ageo | ||
| 080 | _a631.115.1(035) ა-14 | ||
| 100 |
_aაბაშიძე, უშანგი _927128 |
||
| 245 |
_aფერმერის წიგნი : _b(ცნობარი) / _cუშანგი აბაშიძე ; რედ. ელიოზ ხაჭაპურიძე. |
||
| 250 | _aმე-3 გამოცემა(ახალი მონაცემებით შევსებული) | ||
| 264 |
_aთბილისი : _bუნივერსალი, _c2012. |
||
| 300 |
_a400 გვ. : _bცხრ. ; _c20 სმ. |
||
| 504 | _aბიბლიოგრ. გვ. 383-384 | ||
| 541 | _h8 ლ. | ||
| 653 | _aფერმერის წიგნი | ||
| 653 | _aცნობარი | ||
| 700 |
_aჭაპურიძე, ელიოზ _eრედაქტორი _927129 |
||
| 942 |
_cBK _2udc |
||